000 00589cam a22002291 4500
001 sa 66004593
003 DLC
005 20260227112243.0
008 810619s1960 pk c 000 0 eng
010 _asa 66004593
035 _a(OCoLC)7514800
040 _aDLC
_cTxDa
_dDLC
042 _apremarc
043 _aa-pk---
050 0 0 _aHG3290.5.A7
_bA53
110 2 _aState Bank of Pakistan.
245 1 0 _aTwelve years of banking in Pakistan.
260 _a[Karachi,
_c1960?]
300 _a62 p.
_bports.
_c25 cm.
500 _aCover title.
650 0 _aBanks and banking
_zPakistan.
999 _c69502
_d69502